A foreign policy for America

Spremljeno u:
Bibliografski detalji
Glavni autor: Beard, Charles A.
Format: Knjiga
Jezik:Undetermined
Izdano: New York Alfred A. Knopf 1940
Oznake: Dodaj oznaku
Bez oznaka, Budi prvi tko označuje ovaj zapis!
Thư viện lưu trữ: Trung tâm Học liệu Trường Đại học Cần Thơ
LEADER 00441nam a2200169Ia 4500
001 CTU_77919
008 210402s9999 xx 000 0 und d
082 |a 327.73 
082 |b B368 
100 |a Beard, Charles A. 
245 2 |a A foreign policy for America 
245 0 |c Charles A. Beard 
260 |a New York 
260 |b Alfred A. Knopf 
260 |c 1940 
904 |i Trúc 
980 |a Trung tâm Học liệu Trường Đại học Cần Thơ